| 000 | 00633nam a2200193Ia 4500 | ||
|---|---|---|---|
| 003 | IN-BaIIA | ||
| 008 | 211028s9999 xx 000 0 eng d | ||
| 020 | _a0-87942-106-1 | ||
| 040 | _cIIA Library | ||
| 080 |
_a681.32 _bDIG |
||
| 245 | 0 |
_aDigital image processing for remote sensing _cedited by Ralph Bernstein |
|
| 260 |
_aNew York _bThe Institute of Electrical and Electronics Engineering _c1978 |
||
| 300 | _avi, 473p. | ||
| 650 |
_aDigital image processing _910259 |
||
| 650 | _aNASA thesaurus | ||
| 650 |
_aRemote sensing _911185 |
||
| 700 |
_aBernstein, Ralph, ed. _911186 |
||
| 942 | _cBK | ||
| 999 |
_c6535 _d6535 |
||